00960nam a2200205 a 450000100100000000500170001000800410002704000250006808200150009310000420010824500490015026001470019930000210034649000260036750000760039350000620046983000340053195201720056599900170073700004561020240305094430.0150416s1988 dr 000 0 spa d aDO-SdBNPbspacBNPHU axxxxbxxxx1 aCabral, Manuel del,d1907-199992355614aLos huespedes secretos /cManuel del Cabral. aSantiago de los Caballeros, República Dominicana :bPontificia Universidad Católica Madre y Maestra, Departamento de Publicaciones,c1988. a227 p. ;c22 cm.1 aContemporáneosv125 aIncluye datos biográficos del autor en la solapa de la contracubierta aPerteneció a la biblioteca personal de Erick Landestoy. 0aContemporáneos.n125973678 0010718PDaPDbPDcCTd2015-04-16iLF1l0oxxxx xxxxp45610-10r2020-06-25w2020-06-25yLFPDzPerteneció a la biblioteca personal de Erick Landestoy.ZNo se presta c45099d45099